Empty Planet: the shock of global population decline/ (Record no. 177383)

MARC details
000 -LEADER
fixed length control field 00701nam a22001937a 4500
005 - DATE AND TIME OF LATEST TRANSACTION
control field 20210219154110.0
010 ## - LCCN (DPL NO)
LC control number ENG-129043
020 ## - INTERNATIONAL STANDARD BOOK NUMBER
Terms of availability 599.00
International Standard Book Number 978-1-4721-4296-2
035 ## - SYSTEM CONTROL NUMBER
System control number EN-112575
037 ## - SOURCE OF ACQUISITION
Source of stock number/acquisition DBAD/PUB
082 ## - DEWEY DECIMAL CLASSIFICATION NUMBER
Classification number 304.62
100 ## - MAIN ENTRY--PERSONAL NAME
Personal name Bricker, Darrell
245 ## - TITLE STATEMENT
Title Empty Planet: the shock of global population decline/
Statement of responsibility, etc Darrell Bricker and John Ibbitson
260 ## - PUBLICATION, DISTRIBUTION, ETC. (IMPRINT)
Place of publication, distribution, etc Gurugram
Name of publisher, distributor, etc Hachette Book Publishing India Pvt. Ltd.
Date of publication, distribution, etc 2019
270 ## - ADDRESS
City Gurugram
Address 4th/5th Floors, Corporate Centre, Plot No- 94, Sec- 44
Postal code 122003
300 ## - PHYSICAL DESCRIPTION
Extent 288p.
Dimensions 24cm(pbk)
Other physical details Including bibliographical references and index.
700 ## - ADDED ENTRY--PERSONAL NAME
Personal name Ibbitson, John
942 ## - ADDED ENTRY ELEMENTS (KOHA)
Source of classification or shelving scheme Dewey Decimal Classification
Item type English Books
Classification part 304.62
Call number suffix BRI
Holdings
Withdrawn status Lost status Not for loan Collection code Home library Current library Date acquired Source of acquisition Cost, normal purchase price Full call number Barcode Copy number Cost, replacement price Koha item type
      Non-fiction Ashok Vihar Ashok Vihar 19/02/2021 DBAD/PUB 599.00 304.62 BRI EN-112575 1 599.00 English Books

© Delhi Public Library
Hit Counter
free hit counter